000 00360 a2200109 4500
001 ART_45593
005 20260410161939.0
008 260409a
245 1 0 _aA comment on John Nevile's notes on aggregate supply
100 1 _aChick, Victoria
773 0 _tJournal of post Keynesian economics
_g- Vol. 15, NÂș 2 (dic.1992/mar.1993)
_wREV26226
999 _c29365
_d29365